000 01348nam a2200289Ia 4500
003 OSt
005 20210112150226.0
008 191128s1960 mx gr 000 0 spa d
040 _aCO-JMCR
_cCO-JMCR
041 0 _aspa
082 0 4 _a658.407 /
_bS531d
_223
100 1 _aShartle, Carroll L.,
_eautor
_912831
245 1 0 _aDirección y desempeño ejecutivo /
_cCarroll L. shartle ; traducción al español de Jaime Vázquez Vázquez
250 _aPrimera edición
260 _aMéxico :
_bEditorial Herrero Hermanos Sucs,
_c1960
300 _axiii, 321 páginas ;
_c24 cm.
500 _aBibliografía al final de cada capítulo.
505 0 _aEl problema de la dirección ejecutiva -- El complejo circunstancial -- Organizaciones -- Cuadros y deberes ejecutivos -- Desempeño de la dirección -- Efectividad ejecutiva --Motivaciones administrativas -- Terapia de la organización
520 0 _aPresentamos una de las obras más importantes publicadas en Norteamérica, donde se analiza psicológicamente el problema de la dirección y desempeño ejecutivo.
534 _pExecutive performance and leadership
546 _aTraducido del inglés
650 2 4 _aEjecutivos
_911642
650 2 4 _aEvaluación del trabajo
_9325
650 2 4 _aAptitud de mando
_9165
700 1 _aVázquez Vázquez, Jaime,
_etraductor
_92820
942 _2ddc
_cBK
999 _c6143
_d6143